Al-Ameen law report: (Record no. 466)
[ view plain ]
| 000 -LEADER | |
|---|---|
| fixed length control field | 006550000a22001810004500 |
| 005 - DATE AND TIME OF LATEST TRANSACTION | |
| control field | 20240212094427.0 |
| 008 - FIXED-LENGTH DATA ELEMENTS--GENERAL INFORMATION | |
| fixed length control field | 230817t2003 ||||| |||| 00| 0 eng d |
| 020 ## - ISBN | |
| ISBN | 955843003X |
| 082 ## - DEWEY DECIMAL CLASSIFICATION NUMBER | |
| Classification number | 340.59 |
| Item number | AME |
| 942 ## - ADDED ENTRY ELEMENTS (KOHA) | |
| Item Type | Reports |
| 700 ## - ADDED ENTRY--PERSONAL NAME | |
| Personal name | Ameen, A. H. G. |
| Relator Term | editor |
| 245 ## - TITLE STATEMENT | |
| Title | Al-Ameen law report: |
| Sub Title | containing cases decided under Muslim Law by the Wakfs Tribunal and M.C., DC, CA and Supreme Court of the Democratic Socialist Republic of Sri Lanka |
| 260 ## - PUBLICATION, DISTRIBUTION, ETC. (IMPRINT) | |
| Place of Publication | Colombo: |
| Name of Publisher | Al-Ameen Publication, |
| Date of Copyright | 2003 |
| 300 ## - PHYSICAL DESCRIPTION | |
| Extent | xi., 228 p.; 22 cm |
| 490 ## - SERIES STATEMENT | |
| Series statement | Vol.no.1 |
| 650 ## - SUBJECT ADDED ENTRY--TOPICAL TERM | |
| Topical Term | Islamic law -- Sri Lanka -- Cases. |
| 650 ## - SUBJECT ADDED ENTRY--TOPICAL TERM | |
| Topical Term | Islamic law- Sri Lanka- Trials, litigation |
| Withdrawn status | Lost status | Source of classification or shelving scheme | Damaged status | Not for loan | Permanent location | Current location | Date acquired | Total Checkouts | Full call number | Barcode | Date last seen | Price effective from | Koha item type |
|---|---|---|---|---|---|---|---|---|---|---|---|---|---|
| Dewey Decimal Classification | Resource center, Muslim Women's Research And Action Forum | Resource center, Muslim Women's Research And Action Forum | 2023-08-17 | 340.59 AME | RAF4081 | 2023-08-17 | 2023-08-17 | Reports | |||||
| Dewey Decimal Classification | Resource center, Muslim Women's Research And Action Forum | Resource center, Muslim Women's Research And Action Forum | 2024-02-29 | 340.59 AME | RAF4082 | 2024-02-29 | 2024-02-29 | Reports |

